00646 2200241 4500001002100000005001500021035002000036007000300056008004100059020002200100082000800122084001400130100001100144245005200155250001100207260004900218300002600267650002100293505006300314990000900377990000900386990000900395INLIS00000000000769220241213095434 a0010-1221000190ta241213 g 0 ind  a978-602-617-801-5 a813 a813 ERB t0 aErby S1 aTHE AXE :bKapak Maut si Bujang Lapuk /cErby S aCet. 1 aYogyakarta :bScritto Books Publisher,c2017 a182 hlm ;c13 x 19 cm 4aFiksi Indonesia akarena merasakan frustasi akibat perlakuan orang gila itu. a4934 a4933 a4932